Normal view
MARC view
- Bursley, Joseph A
Entry Personal Name
001 - CONTROL NUMBER
- control field: 41792
003 - CONTROL NUMBER IDENTIFIER
- control field: NUST
005 - DATE AND TIME OF LATEST TRANSACTION
- control field: 20210314132136.0
008 - FIXED-LENGTH DATA ELEMENTS
- fixed length control field: 210314|| aca||aabn | a|a d
040 ## - CATALOGING SOURCE
- Original cataloging agency: NUST
- Transcribing agency: NUST
100 ## - HEADING--PERSONAL NAME
- Personal name: Bursley, Joseph A
670 ## - SOURCE DATA FOUND
- Source citation: Work cat.: (NUST): Allen, John Robins, 41791, Heat engines; , 1941.
